000 00691nam a2200241 i 4500
001 C2-0105073
003 PPAK
005 20180727101348.0
008 970604s1991 enka|||| ||||| | may d
020 _a0850457483
040 _aPPAK
_beng
_cPPAK
_erda
082 0 4 _a358.18
_223
090 0 0 _a358.18
_bZAL
_dR
100 1 _aZaloga, Steven,
_eauthor
245 1 0 _aAmtracs :
_bus amphibious assault vehicles
264 1 _aLondon :
_bOsprey ,
_c1991
300 _a48 pages :
_billustrations ;
_c25 cm
336 _2rdacontent
_atext
337 _2rdamedia
_aunmediated
338 _2rdacarrier
_avolume
650 1 0 _aArmored vehicles, military - United States - History
942 _ddc
_cB
999 _c25303
_d25303